000 00850nam a2200217Ii 4500
003 JO-AjNU
008 230605s9999||||xx |||||||||||||| ||und||
017 _a2009/10/4491
040 _aJO-AjNU
_bara
_erda
_cJO-AjNU
041 _aara
050 1 4 _aLC4704.S539 2011
100 3 _aشواهين،خير سليمان تأليف/غريفات،سحر محمد م،مشارك/شنبور،أمل عبد م،مشارك,
_eauthor
_928019
245 0 0 _aالمنهاج المدرسي للأطفال ذوي الإحتياجات الخاصة
250 _aط2
264 3 1 _aعمان:دار المسيرة،2011
300 _a240ص
336 _atext
_btxt
_2rdacontent
337 _aunmediated
_bn
_2rdamedia
338 _avolume
_bnc
_2rdacarrier
650 4 _aالتعليم الخاص-المعوقين-صعوبات التعلم-طرق التعلم
_928020
999 _aA10816
_c14384
_d14384